[Event "John E. Prance"]
[Site "http://www.queenalice.com/game.php?id=985093"]
[Date "2011.9.22"]
[Round "-"]
[White "agargent"]
[Black "trunksjackson"]
[Result "0-1"]
[WhiteElo "1948"]
[BlackElo "1846"]

1. d4 Nf6 2. c4 c5 3. d5 b5 4. cxb5 a6 5. bxa6 g6 6. Nc3 Bxa6 7. g3 d6 8. Bg2
Nbd7 9. e4 Bg7 10. Nge2 O-O 11. O-O Ra7 12. Re1 Ne5 13. Be3 Nd3 14. Rf1 Nxb2 15.
Qc2 Nc4 16. Rab1 Qa8 17. Rfe1 Na3 18. Qd2 Nxb1 19. Rxb1 Nd7 20. Bh6 Bxe2 21.
Nxe2 Rxa2 22. Qe3 Bxh6 23. Qxh6 Rxe2 24. Bf3 Qa2 25. Rf1 Rc2 26. Qg5 Ne5 27. Bd1
Rd2 28. Qxe7 Nc4 29. Qg5 Rb8 30. Bf3 Ne5 0-1

[Event "Cyril D. Bennett"]
[Site "http://www.queenalice.com/game.php?id=985094"]
[Date "2011.9.22"]
[Round "-"]
[White "agargent"]
[Black "trunksjackson"]
[Result "1-0"]
[WhiteElo "1928"]
[BlackElo "1853"]

1. e4 c5 2. Nf3 e6 3. d4 cxd4 4. Nxd4 Bc5 5. Be3 Qb6 6. b3 Nc6 7. c3 Nf6 8. f3
O-O 9. Be2 e5 10. Nxc6 Bxe3 11. Nxe5 Bf2+ 12. Kf1 Bh4 13. g3 Bg5 14. h4 Bh6 15.
g4 Bf4 16. Nc4 Qc7 17. Nbd2 d5 18. exd5 Nxd5 19. Ne4 b5 20. Qxd5 Bb7 21. Qxb5
Bxe4 22. fxe4 Bg3 23. Qf5 Rfe8 24. h5 Re6 25. g5 Rae8 26. Bd3 Bf4 27. e5 Bxe5
28. Qxh7+ Kf8 29. Qh8+ Ke7 30. Qh7 Bxc3 31. Kg2 Qf4 32. Qf5 Qd4 33. Raf1 Rf8 34.
Rf4 Re5 35. Qxe5+ Qxe5 36. Nxe5 Bxe5 37. Re1 f6 38. gxf6+ gxf6 39. h6 Rg8+ 40.
Kh3 Kd6 41. Rxe5 Kxe5 42. h7 Rh8 43. Rg4 f5 44. Rg7 Kf6 45. Rxa7 Kg6 46. b4 1-0

[Event "Herbert  A. Croft"]
[Site "http://www.queenalice.com/game.php?id=985095"]
[Date "2011.9.16"]
[Round "-"]
[White "Kingfish"]
[Black "agargent"]
[Result "1/2-1/2"]
[WhiteElo "1834"]
[BlackElo "1897"]

1. e4 c5 2. Nf3 d6 3. Bc4 Nf6 4. Nc3 e6 5. O-O Nc6 6. d4 cxd4 7. Nxd4 Be7 8. Nf3
O-O 9. Be3 a6 10. h3 b5 11. Bd3 Bb7 12. a3 g6 13. Qe2 Kg7 14. Rad1 h5 15. e5 Nh7
16. exd6 Bxd6 17. b4 Qc7 18. Qd2 Kh8 19. Bg5 Nxg5 20. Qxg5 Kh7 21. Ne4 Be7 22.
Qe3 Rh8 23. Neg5+ Bxg5 24. Nxg5+ 1/2-1/2

[Event "Oscar Grieg"]
[Site "http://www.queenalice.com/game.php?id=985096"]
[Date "2011.9.15"]
[Round "-"]
[White "agargent"]
[Black "jdalcheco"]
[Result "1-0"]
[WhiteElo "1937"]
[BlackElo "1817"]

1. d4 d5 2. c4 e6 3. Nc3 b6 4. Nf3 Bb7 5. e3 Bd6 6. Be2 Nf6 7. O-O O-O 8. Qc2
Nbd7 9. b3 Qe7 10. Bb2 Rac8 11. Bd3 dxc4 12. bxc4 Bxf3 13. gxf3 c5 14. Kh1 Bb8
15. Ne2 cxd4 16. exd4 e5 17. d5 Nc5 18. Rg1 Nxd3 19. Qxd3 Nd7 20. Rg2 Nc5 21.
Qe3 Na4 22. Ba3 Nc5 23. Rag1 g6 24. Nf4 Rfe8 25. Nh3 Qh4 26. Ng5 e4 27. Bxc5
Rxc5 28. Rc1 Bf4 29. Qe1 Bxg5 30. Rg4 Qh5 31. Rc3 Bf6 32. Rc2 1-0

[Event "AJ Fisher"]
[Site "http://www.queenalice.com/game.php?id=1001837"]
[Date "2011.10.26"]
[Round "-"]
[White "agargent"]
[Black "giobetti"]
[Result "1-0"]
[WhiteElo "1941"]
[BlackElo "1918"]

1. e4 d5 2. exd5 Nf6 3. d4 Bg4 4. f3 Bf5 5. Bb5+ Nbd7 6. Nc3 a6 7. Ba4 b5 8. Bb3
Nb6 9. Bf4 Nbxd5 10. Nxd5 Nxd5 11. Ne2 Nxf4 12. Nxf4 e5 13. dxe5 Bc5 14. Qe2 O-O
15. Bd5 Rb8 16. O-O-O Qe7 17. g4 Qg5 18. gxf5 Qxf4+ 19. Kb1 Qxf5 20. Be4 1-0

[Event "EA Howlett"]
[Site "http://www.queenalice.com/game.php?id=1007812"]
[Date "2011.11.16"]
[Round "-"]
[White "agargent"]
[Black "melquisedeque"]
[Result "0-1"]
[WhiteElo "1967"]
[BlackElo "1840"]

1. e4 c5 2. Nf3 e6 3. d4 cxd4 4. Nxd4 Nc6 5. Nc3 a6 6. Be2 b5 7. Nxc6 dxc6 8.
Qxd8+ Kxd8 9. O-O Bc5 10. Rd1+ Ke7 11. e5 Bb7 12. Ne4 Ba7 13. b3 Rd8 14. Rxd8
Kxd8 15. Bg5+ Kc7 16. Rd1 Nh6 17. Be7 Nf5 18. Bd6+ Nxd6 19. exd6+ Kb8 20. a4 c5
21. axb5 Bxe4 22. c3 axb5 23. Bxb5 Rd8 24. d7 Kc7 25. Ra1 Bb6 26. b4 Bc6 0-1

[Event "TH Clarke"]
[Site "http://www.queenalice.com/game.php?id=1007815"]
[Date "2011.11.14"]
[Round "-"]
[White "agargent"]
[Black "Publio"]
[Result "1-0"]
[WhiteElo "1956"]
[BlackElo "1831"]

1. d4 d5 2. c4 e6 3. Nc3 Bb4 4. Nf3 dxc4 5. e3 b5 6. a4 c6 7. Be2 a6 8. O-O Bxc3
9. bxc3 Nf6 10. Qc2 O-O 11. e4 Bb7 12. e5 Nd5 13. Ng5 g6 14. f4 Nd7 15. Rf3 h6
16. Nxe6 Qe7 17. Nxf8 Nxf8 18. f5 g5 19. f6 Qe6 20. Rh3 Nf4 21. Bxf4 gxf4 22.
Rxh6 c5 23. Rf1 cxd4 24. cxd4 Qd5 25. Bf3 Qd7 26. Bxb7 Qxb7 27. Rxf4 Ng6 28. Rg4
Kf8 29. Rgxg6 Ke8 30. Rg8+ Kd7 31. e6+ Kxe6 32. Qe2+ Kd5 33. Qe5+ Kc6 34. Rg7
bxa4 35. Qc5+ Kd7 36. Rxf7+ Ke6 37. Rxb7 Rd8 38. Qe5# 1-0

[Event "Barracca"]
[Site "http://www.queenalice.com/game.php?id=1121428"]
[Date "2012.11.13"]
[Round "-"]
[White "agargent"]
[Black "Aspayne"]
[Result "1-0"]
[WhiteElo "1945"]
[BlackElo "2083"]

1. d4 Nf6 2. c4 e5 3. dxe5 Ne4 4. a3 Qh4 5. g3 Qh5 6. Bg2 Qxe5 7. Nf3 Qa5+ 8.
Nbd2 Nc6 9. Qc2 Nc5 10. O-O Be7 11. b3 O-O 12. Bb2 Ne6 13. b4 Qh5 14. b5 Ncd8
15. h3 d6 16. e4 Nc5 17. g4 Qg6 18. Nd4 Bf6 19. Nf5 Nde6 20. e5 dxe5 21. Bxe5
Re8 22. Bxf6 Qxf6 23. Rfe1 Bd7 24. Ne4 Nxe4 25. Bxe4 Ng5 26. Qd3 Rad8 27. Bg2
Re6 28. h4 Rxe1+ 29. Rxe1 Ne6 30. g5 Nxg5 31. Ne7+ Kf8 32. hxg5 1-0

[Event "Flavio Torello"]
[Site "http://www.queenalice.com/game.php?id=1122841"]
[Date "2012.11.17"]
[Round "-"]
[White "agargent"]
[Black "scaccomatto"]
[Result "1-0"]
[WhiteElo "1929"]
[BlackElo "1939"]

1. e4 e5 2. Nf3 Nc6 3. Bb5 a6 4. Ba4 Nf6 5. O-O Bc5 6. c3 Kf8 7. d4 exd4 8. cxd4
Be7 9. Nc3 d6 10. Re1 Bg4 11. h3 Bxf3 12. Qxf3 Nxd4 13. Qd3 Nc6 14. Nd5 Nxd5 15.
Qxd5 Qd7 16. e5 Rd8 17. e6 fxe6 18. Rxe6 Bf6 19. Rxf6+ gxf6 20. Bh6+ 1-0

[Event "Aldo Astolfi"]
[Site "http://www.queenalice.com/game.php?id=1126400"]
[Date "2012.12.2"]
[Round "-"]
[White "agargent"]
[Black "yasseryack"]
[Result "1-0"]
[WhiteElo "2018"]
[BlackElo "1815"]

1. d4 d5 2. c4 c6 3. Nf3 Nf6 4. Nc3 Nbd7 5. e3 e6 6. Bd3 Qb6 7. c5 Qc7 8. O-O
Be7 9. Re1 h6 10. b4 O-O 11. Qc2 e5 12. dxe5 Nxe5 13. Nxe5 Qxe5 14. h3 d4 15. f4
Qh5 16. exd4 Re8 17. Re5 Qh4 18. Qe2 Be6 19. f5 Bd5 20. Be3 Nd7 21. Bf2 Qg5 22.
Nxd5 Nxe5 23. Nc7 Nxd3 24. Qxd3 Rad8 25. Nxe8 Rxe8 26. Re1 Rd8 27. Qe4 Bf6 28.
Be3 Qg3 29. Rd1 Be5 30. Kf1 Kh7 31. Ke2 Bf6 32. Rf1 Qc7 33. Qg4 Qe7 34. Rf4 Re8
35. Rf3 Bg5 36. Qg3 Bxe3 37. Rxe3 Qxe3+ 38. Qxe3 Rxe3+ 39. Kxe3 h5 40. Ke4 f6
41. d5 cxd5+ 42. Kxd5 a6 43. Kd6 Kg8 44. Kc7 Kf7 45. Kxb7 g6 46. c6 gxf5 47. c7
Ke6 48. c8=Q+ Ke5 49. Kxa6 f4 50. b5 h4 51. b6 f5 52. b7 Ke4 53. b8=Q 1-0

[Event "Challenge"]
[Site "http://www.queenalice.com/game.php?id=1129068"]
[Date "2012.12.6"]
[Round "-"]
[White "agargent"]
[Black "jorm"]
[Result "1-0"]
[WhiteElo "2026"]
[BlackElo "1959"]

1. d4 d5 2. c4 c6 3. Nf3 h6 4. Nc3 Nf6 5. e3 e6 6. Qc2 Nbd7 7. Bd3 a6 8. O-O b5
9. c5 Bb7 10. b4 Qc7 11. Bb2 O-O-O 12. a4 Nb8 13. axb5 cxb5 14. Ne5 Nc6 15. Nxc6
Qxc6 16. Nxb5 axb5 17. Ra5 Ba6 18. Rfa1 Bb7 19. Bxb5 Qc7 20. c6 Kb8 21. Qa4 Kc8
22. cxb7+ Qxb7 23. Ba6 Rd7 24. Bxb7+ Kd8 25. Ra8+ Ke7 26. Qb5 Rc7 27. Qb6 Ne8
28. Rxe8+ Kf6 29. Qxc7 1-0

[Event "HMS Indifatigable"]
[Site "http://www.queenalice.com/game.php?id=1136641"]
[Date "2013.1.4"]
[Round "-"]
[White "agargent"]
[Black "madriles"]
[Result "0-1"]
[WhiteElo "2039"]
[BlackElo "1963"]

1. e4 d6 2. d4 Nf6 3. Nc3 g6 4. Nf3 Bg7 5. Be2 O-O 6. O-O e5 7. dxe5 dxe5 8. Bg5
Nbd7 9. Nd5 c6 10. Nxf6+ Bxf6 11. Bh6 Re8 12. Qd2 Nc5 13. Rad1 Qxd2 14. Nxd2 Be6
15. b3 Bg7 16. Bxg7 Kxg7 17. Bd3 a5 18. Nf3 Bg4 19. Rde1 Bxf3 20. gxf3 Rad8 21.
Rd1 Rd4 22. Be2 Red8 23. Rfe1 Rd2 24. h4 Ne6 25. Bd3 Rxd1 26. Rxd1 Nf4 27. Kh2
b5 28. a3 c5 29. Kg3 c4 0-1

[Event "HMS Warspite"]
[Site "http://www.queenalice.com/game.php?id=1136645"]
[Date "2013.1.4"]
[Round "-"]
[White "madriles"]
[Black "agargent"]
[Result "1/2-1/2"]
[WhiteElo "2035"]
[BlackElo "2020"]

1. d4 Nf6 2. c4 g6 3. Nc3 Bg7 4. e4 d6 5. Nf3 O-O 6. Bf4 Nbd7 7. e5 Nh5 8. Qd2
Nxf4 9. Qxf4 dxe5 10. dxe5 e6 11. g3 Qe7 12. Bg2 Rb8 13. O-O b6 14. Rfe1 Bb7 15.
Nb5 a6 16. Nc3 Nc5 17. Rad1 f5 18. b4 Bxf3 19. Qxf3 Ne4 20. Nxe4 fxe4 21. Qxe4
Qxb4 22. Qc6 Rfe8 23. Qxc7 Rbc8 24. Qb7 Qxc4 25. Rd7 Bh8 26. Qxb6 Qxa2 27. Ra7
Qd2 28. Rf1 Bxe5 29. Qxa6 Bd4 30. Rb7 Rc2 31. Kh1 Bxf2 32. Rb8 Rxb8 33. Qxe6+
Kg7 34. Qe7+ Kh6 35. Qh4+ Kg7 36. Qe7+ Kh6 37. Qh4+ Kg7 38. Qe7+ 1/2-1/2

[Event "HMS Lion"]
[Site "http://www.queenalice.com/game.php?id=1136688"]
[Date "2013.1.4"]
[Round "-"]
[White "luizantoniosetti"]
[Black "agargent"]
[Result "1-0"]
[WhiteElo "1838"]
[BlackElo "1998"]

1. e4 c5 2. Nf3 d6 3. c3 Nf6 4. Bd3 e5 5. O-O Be7 6. Na3 O-O 7. Re1 Nc6 8. Bc2
a6 9. d4 cxd4 10. cxd4 exd4 11. Nxd4 Qb6 12. Nf3 h6 13. b3 Ng4 14. Qe2 Nce5 15.
h3 Nxf3+ 16. Qxf3 Bf6 17. Nc4 Qc7 18. hxg4 Bxa1 19. Bxh6 Bc3 20. Qxc3 gxh6 21.
Qd3 Bxg4 22. Qg3 Qd7 23. f3 Qe6 24. fxg4 Kh8 25. Bd1 Rg8 26. Bf3 Rg6 27. e5 d5
28. Nd6 Rag8 29. Nxb7 Qb6+ 30. Qf2 Qxb7 31. Qd4 Kh7 32. Bxd5 Qd7 33. Qd3 Qxg4
34. Be4 Kh8 35. Bxg6 Rxg6 36. Qe4 Qg5 37. a4 h5 38. Re3 h4 39. Rh3 Rh6 40. b4
Rh5 41. b5 axb5 42. axb5 Qc1+ 43. Kh2 Qb2 44. Rxh4 Rxh4+ 45. Qxh4+ Kg8 46. Qg5+
Kf8 47. Qd8+ Kg7 48. Qf6+ Kf8 49. b6 Qb3 50. Qd6+ Kg7 51. Qc7 Qe6 52. b7 1-0

[Event "Challenge"]
[Site "http://www.queenalice.com/game.php?id=1143300"]
[Date "2013.1.21"]
[Round "-"]
[White "agargent"]
[Black "Eggchaser"]
[Result "0-1"]
[WhiteElo "2021"]
[BlackElo "1852"]

1. d4 Nf6 2. c4 g6 3. Nc3 d5 4. Nf3 Bg7 5. cxd5 Nxd5 6. e4 Nxc3 7. bxc3 O-O 8.
Bc4 c5 9. O-O cxd4 10. cxd4 Nc6 11. e5 Bg4 12. Be3 Bxf3 13. gxf3 e6 14. Qd2 Na5
15. Bb3 Nxb3 16. axb3 Qd5 17. Qd1 a6 18. Kg2 Rac8 19. Rg1 Rc3 20. b4 Rfc8 21.
Qa4 Qc6 22. b5 axb5 23. Qb4 Qd5 24. Qe7 R3c7 25. Qh4 b4 26. Qh3 b3 27. Kh1 b2
28. Rab1 Qa2 29. f4 Qd5+ 30. f3 Qb3 31. Rge1 Bf8 32. Qf1 Bb4 33. Re2 Qxe3 34.
Rexb2 Rc1 0-1